Detalles MARC
| 000 -CABECERA |
| campo de control de longitud fija |
00987nam a2200241 a 4500 |
| 001 - NÚMERO DE CONTROL |
| campo de control |
000043318 |
| 005 - FECHA Y HORA DE LA ÚLTIMA TRANSACCIÓN |
| campo de control |
20240508073817.0 |
| 008 - DATOS DE LONGITUD FIJA--INFORMACIÓN GENERAL |
| campo de control de longitud fija |
110718s2013 dr 001 0bspa d |
| 040 ## - FUENTE DE LA CATALOGACIÓN |
| Centro catalogador/agencia de origen |
DO-SdBNP |
| Lengua de catalogación |
spa |
| Centro/agencia transcriptor |
BNPHU |
| 082 ## - NÚMERO DE LA CLASIFICACIÓN DECIMAL DEWEY |
| Número de clasificación |
923.2 |
| Número de documento/Ítem |
M378a, 2013 |
| 049 ## - FONDOS LOCALES (OCLC) |
| Fondos de biblioteca |
BNPD |
| 245 00 - MENCIÓN DE TÍTULO |
| Título |
Álbum de un héroe : |
| Resto del título |
a la augusta memoria de José Martí / |
| Mención de responsabilidad, etc. |
compilado por Federico Henríquez y Carvajal ; edición y notas Diógenes Céspedes. |
| 250 ## - MENCIÓN DE EDICIÓN |
| Mención de edición |
3ª ed. |
| 260 ## - PUBLICACIÓN, DISTRIBUCIÓN, ETC. |
| Lugar de publicación, distribución, etc. |
Santo Domingo : |
| Nombre del editor, distribuidor, etc. |
Archivo General de la Nación, |
| Fecha de publicación, distribución, etc. |
2013. |
| 300 ## - DESCRIPCIÓN FÍSICA |
| Extensión |
246 p. ; |
| Dimensiones |
24 cm. |
| 490 1# - MENCIÓN DE SERIE |
| Mención de serie |
Archivo General de la Nación |
| Designación de volumen o secuencia |
202 |
| 500 ## - NOTA GENERAL |
| Nota general |
Incluye datos biográficos de los autores. |
| 600 14 - PUNTO DE ACCESO ADICIONAL DE MATERIA--NOMBRE DE PERSONA |
| Nombre de persona |
MARTÍ, JOSÉ, |
| Fechas asociadas al nombre |
1853-1895 |
| Subdivisión general |
CRÍTICA E INTERPRETACIÓN |
| 9 (RLIN) |
8805 |
| 651 #4 - PUNTO DE ACCESO ADICIONAL DE MATERIA--NOMBRE GEOGRÁFICO |
| Nombre geográfico |
Cuba |
| Subdivisión general |
Historia |
| Subdivisión cronológica |
1878-1895 |
| Subdivisión general |
Ensayos, Conferencias, Etc. |
| 9 (RLIN) |
34424 |
| 700 1# - PUNTO DE ACCESO ADICIONAL--NOMBRE DE PERSONA |
| Nombre de persona |
Henríquez i Carvajal, Federico, |
| Fechas asociadas al nombre |
1848-1952 |
| Término indicativo de función/relación |
comp. |
| 9 (RLIN) |
7792 |
| 700 1# - PUNTO DE ACCESO ADICIONAL--NOMBRE DE PERSONA |
| Nombre de persona |
Céspedes, Diógenes, |
| Fechas asociadas al nombre |
1941- |
| Término indicativo de función/relación |
ed. |
| 9 (RLIN) |
20548 |
| 910 ## - DATOS DE OPCIÓN DEL USUARIO (OCLC) |
| Datos de opción del usuario |
Validado. Control de calidad EMS |